Normal view
MARC view
Entry Personal Name
001 - CONTROL NUMBER
- control field: 3646
003 - CONTROL NUMBER IDENTIFIER
- control field: BD-RjUL
005 - DATE AND TIME OF LATEST TRANSACTION
- control field: 20220616100255.0
008 - FIXED-LENGTH DATA ELEMENTS
- fixed length control field: 220616|| aca||aabn | a|a d
040 ## - CATALOGING SOURCE
- Original cataloging agency: BD-RjUL
- Transcribing agency: BD-RjUL
100 ## - HEADING--PERSONAL NAME
- Personal name: Noor, A. S. A. jt.Supervisor
670 ## - SOURCE DATA FOUND
- Source citation: Work cat.: (BD-RjUL)79519: Mondal, Md. Nazrul Islam 1758, The labour force dynamic of SAARC Countries : , 2001